| 000 | 00545nam a2200181Ia 4500 | ||
|---|---|---|---|
| 001 | 8625 | ||
| 003 | IN-NITTTR | ||
| 005 | 20251114233040.0 | ||
| 008 | 251113s9999||||xx |||||||||||||| ||eng|| | ||
| 040 | _beng | ||
| 040 | _cIN-NITTTR | ||
| 041 | _aeng | ||
| 082 | _a030 C737C | ||
| 100 | _aC.S.T.T., Central Hindi Directorate | ||
| 245 | 0 |
_aComprehensive glossary of technical terms. / _cC.S.T.T., Central Hindi Directorate, Ministry of Education and social welfare |
|
| 700 | _a Ministry of Education and social welfare, | ||
| 942 |
_2ddc _cBK |
||
| 999 |
_c11263 _d11263 |
||